000 00611nam a2200229Ia 4500
003 OSt
005 20220924153822.0
006 a|||||r|||| 00| 0
007 ta
008 220923b |||||||| |||| 00| 0 san d
020 _a8172014953 (hbk)
024 _a354530
037 _cTextual
040 _aARTS
_cARTS
_bsan
041 _2san
_asan
082 _aP15,3:4(R64)k, N2.7(RR)
100 _aKavalanandasaraswati Ed.
_9229838
245 0 _aMimamsakosah
260 _c1992
942 _hP15,3:4(R64)k, N2.7(RR)
_cTEXL
_2CC
999 _c474888
_d474888